00277nam a2200121Ia 4500100003000000650001200030654003000042245003000072260002500102082000800127300000800135546001200143 aHornby/A.S/ Parnwell/E.C  aGeneral aEnglish Reders Dictionary aEnglish Reders Dictionary bOxfordaOxfardc1983 a423 a631 aENGLISH